The magic school bus, lost in the solar system / (Record no. 3235)

MARC details
000 -LEADER
fixed length control field 00979pam a2200289 a 4500
005 - DATE AND TIME OF LATEST TRANSACTION
control field 20240221105151.0
020 ## - INTERNATIONAL STANDARD BOOK NUMBER
International Standard Book Number 078073003952
040 ## - CATALOGING SOURCE
Original cataloging agency DLC
Transcribing agency DLC
Modifying agency DLC
Language of cataloging eng
050 00 - LIBRARY OF CONGRESS CALL NUMBER
Classification number QB500.C64
Item number 1990
082 00 - DEWEY DECIMAL CLASSIFICATION NUMBER
Classification number 523.3
100 1# - MAIN ENTRY--PERSONAL NAME
Personal name Cole, Joanna
245 14 - TITLE STATEMENT
Title The magic school bus, lost in the solar system /
Statement of responsibility, etc. by Cole, Joanna ; illustrated by Degen, Bruce
260 ## - PUBLICATION, DISTRIBUTION, ETC.
Place of publication, distribution, etc. New York :
Name of publisher, distributor, etc. Scholastic ,
Date of publication, distribution, etc. 1990
300 ## - PHYSICAL DESCRIPTION
Extent 40 unnumbered pages :
Other physical details color illustrations ;
Dimensions 20 cm.
490 ## - SERIES STATEMENT
Series statement The Magic School Bus
505 ## - FORMATTED CONTENTS NOTE
Formatted contents note N <br/>
520 ## - SUMMARY, ETC.
Summary, etc. On a special field trip in the magic school bus, Ms. Frizzle's class goes into outer space and visits each planet in the solar system.
521 ## - TARGET AUDIENCE NOTE
Target audience note 570 <br/>
Source Lexile <br/>
521 ## - TARGET AUDIENCE NOTE
Target audience note N <br/>
Source Raz-Plus <br/>
650 #0 - SUBJECT ADDED ENTRY--TOPICAL TERM
Topical term or geographic name entry element Astronomy
General subdivision Juvenile literature.
650 #1 - SUBJECT ADDED ENTRY--TOPICAL TERM
Topical term or geographic name entry element Planets.
650 #1 - SUBJECT ADDED ENTRY--TOPICAL TERM
Topical term or geographic name entry element Astronomy.
700 1# - ADDED ENTRY--PERSONAL NAME
Personal name Degen, Bruce
Relator term illustrator
906 ## - LOCAL DATA ELEMENT F, LDF (RLIN)
a 7
b cbc
c orignew
d 1
e ocip
f 19
g y-gencatlg
942 ## - ADDED ENTRY ELEMENTS (KOHA)
Source of classification or shelving scheme Dewey Decimal Classification
Koha item type Books
Suppress in OPAC No
999 ## -
-- 3235
-- 3235
Holdings
Withdrawn status Lost status Source of classification or shelving scheme Damaged status Not for loan Collection Home library Current library Shelving location Date acquired Total Checkouts Full call number Barcode Date last seen Date last checked out Price effective from Koha item type
    Dewey Decimal Classification     Non-Fiction Footprints International School Library Network Toul Kork Campus Footprints International School Library Network Toul Kork Campus   02/21/2024 2 COL 523.3 QB500.C64 FISBK05140 09/04/2024 08/22/2024 02/21/2024 Books